000 00534nam a2200217Ia 4500
003 OSt
005 20220928141755.0
006 a|||||r|||| 00| 0
007 ta
008 220927b |||||||| |||| 00| 0 eng d
024 _a17602
037 _cTextual
040 _aSDCL
_cSDCL
_beng
041 _2eng
_aeng
082 _aO15:gx, M9.2
100 _aPodar Kaniheyalal
_9502177
245 0 _aKavya kalapdruma.
260 _c1989
942 _hO15:gx, M9.2
_cTEXL
_2CC
999 _c819923
_d819923